| 000 | 00616nab a2200169 i 4500 | ||
|---|---|---|---|
| 001 | 190401 | ||
| 003 | ES-MaACL | ||
| 005 | 20250808034530.0 | ||
| 008 | 210201s1977 sp 000 0 spa d | ||
| 245 | 0 | 0 |
_aContra la pena de muerte : _ben el Ateneo de Madrid. |
| 650 | 7 |
_aPena de muerte _2embne _915915 |
|
| 710 | 2 |
_aAteneo de Madrid _91875 |
|
| 773 | 0 |
_tEl Ciervo, _dBarcelona : [Asociación Católica Nacional de Propagandistas del Centro de Barcelona], _xISSN 0045-6896, _g1977, n. 305, p. 4 _0650 _w650 _9669 |
|
| 942 |
_cANAB _2udc |
||
| 999 |
_c190401 _d190401 |
||